Dystopian Novels Quiz - Statistics

General Stats
  • This quiz has been taken 116 times
  • The average score is 4 of 15
Answer Stats
Hint Answer % Correct
1984 George Orwell
77%
The Hunger Games Suzanne Collins
76%
Divergent Veronica Roth
48%
The Maze Runner James Dashner
34%
The Giver Lois Lowry
29%
Legend Marie Lu
20%
Noughts and Crosses Malorie Blackman
17%
The Selection Kiera Cass
15%
The Knife of Never Letting Go Patrick Ness
14%
Delirium Lauren Oliver
10%
Matched Ally Condie
9%
Uglies Scott Westerfeld
5%
Between Shades Of Gray Ruta Sepetys
3%
Ashes Ilsa J. Bick
2%
Branded Abi Ketner and Missy Kalicicki
1%
No matching quizzes found
Score Distribution
Percent of People with Each Score
Percentile by Number Answered
Your Score History
You have not taken this quiz